000 00925nam a2200229Ia 4500
003 GCL
005 20240530095600.0
008 140319s9999 xx 000 0 ara d
020 _a0436063977
040 _aGCL /
_cGCL
082 0 4 _a916.2
_bق/م ص
100 1 _aمحمد علم الدين الشقيرى
245 1 0 _aصورة مصر عند رحالة بلاد المغرب والاندلس من خلال رحلتى ابن جبير وابن بطوطة /
_cمحمد علم الدين الشقيرى
260 _aالقاهرة :
_bدار فرحة للنشر والتوزيع ،
_c2005
300 _a108 ص ؛
_c24 سم
650 0 4 _aابن بطوطة
650 0 4 _aاداب السفر
650 0 4 _aمصر - وصف ورحلات
650 0 4 _aالادب العربى - تاريخ ونقد - العصر الاندلسى
650 0 4 _aالادب العربى - تاريخ ونقد - المغرب
942 _2ddc
_cBK
999 _c8562
_d8562